000 01441nam a2200349 c 4500
003 BLK
005 20241030141739.0
008 180409b bul|||||r ||||||| ||bul||
010 _aKNG00145505000
020 _a978-954-2958-12-3
_bиздат.: Enthusiast
040 _aBLK
041 _aBUL
_cBUL
072 7 _2bullib
_aН83
_xЧужда художествена литература Н
080 _aНемска литература
_b821.112.2
_x-31
_z821.112.2-31
100 1 _aХегеман, Хелене
_eпърви автор
_9136608
700 1 _aДрагостинова, Жанина Димитрова
_d1962 -
_gПреводач от немски език
_965221
139 _aХегеман, Хелене
_bХ 37
245 1 0 _aАксолотъл прегазен на пътя
_bРоман
_cХелене Хегеман; прев. от нем. Жанина Димитрова Драгостинова.
257 _aDEU
260 София
_bEnthusiast
_c2011
_fКостинброд : Мултипринт
300 _a208 с.
_c21 см
380 _aX
500 _aОриг. загл. Axolotl roadkill / Helene Hegemann.
653 _aромани
659 _aН
852 _aЦб 260693
856 4 _qpdf
_u
856 4 _qpdf
_u
942 _cKNG
_n0
_01
944 _aCR
_c11.07.2013
_lГеновева Генчева
_k30560
944 _aED
_c05.07.2017
_lф /
_kЛюдмила_Стоянова
999 _c139461
_d139461